Pokemon Galar Pokedex - Statistics

General Stats
  • This quiz has been taken 81 times
  • The average score is 495 of 582
Answer Stats
Dex n. Type Pokemon % Correct
G1 001 Grass Grookey
96%
G1 069 Fire Ninetales
96%
G1 069 Ice-Fairy Ninetales Alola
96%
G1 003 Grass Rillaboom
96%
G1 068 Fire Vulpix
96%
G1 068 Ice Vulpix Alola
96%
G1 097 Grass-Ice Abomasnow
93%
G1 082 Ground-Psychic Baltoy
93%
G1 058 Grass Bellossom
93%
G1 010 Bug Blipbug
93%
G1 048 Normal Bunnelby
93%
G1 015 Bug-Flying Butterfree
93%
G1 162 Rock-Fire Carkol
93%
G1 013 Bug Caterpie
93%
G1 160 Bug-Fire Centiskorch
93%
G1 017 Bug-Electric Charjabug
93%
G1 042 Water Chewtle
93%
G1 006 Fire Cinderace
93%
G1 083 Ground-Psychic Claydol
93%
G1 256 Fairy Clefable
93%
G1 255 Fairy Clefairy
93%
G1 254 Fairy Cleffa
93%
G1 151 Water-Ice Cloyster
93%
G1 163 Rock-Fire Coalossal
93%
G1 102 Water Corphish
93%
G1 023 Flying-Steel Corviknight
93%
G1 022 Flying Corvisquire
93%
G3 184 Rock-Grass Cradily
93%
G1 103 Water-Dark Crawdaunt
93%
G1 078 Ice-Flying Delibird
93%
G1 049 Normal-Ground Diggersby
93%
G1 011 Bug-Psychic Dottler
93%
G1 043 Water-Rock Drednaw
93%
G1 008 Water Drizzile
93%
G1 196 Normal Eevee
93%
G3 016 Electric Electabuzz
93%
G3 017 Electric Electivire
93%
G3 015 Electric Elekid
93%
G1 200 Psychic Espeon
93%
G1 199 Fire Flareon
93%
G2 023 Fire-Flying Fletchinder
93%
G2 022 Normal-Flying Fletchling
93%
G1 081 Ice-Ghost Froslass
93%
G1 141 Ghost-Poison Gastly
93%
G1 143 Ghost-Poison Gengar
93%
G1 203 Ice Glaceon
93%
G1 080 Ice Glalie
93%
G1 056 Grass-Poison Gloom
93%
G1 146 Water Goldeen
93%
G1 025 Normal Greedent
93%
G1 016 Bug Grubbin
93%
G1 109 Fighting Hitmonchan
93%
G1 108 Fighting Hitmonlee
93%
G1 110 Fighting Hitmontop
93%
G2 198 Water Horsea
93%
G2 011 Normal-Fairy Igglybuff
93%
G1 009 Water Inteleon
93%
G2 012 Normal-Fairy Jigglypuff
93%
G1 198 Electric Jolteon
93%
G1 202 Grass Leafeon
93%
G3 183 Rock-Grass Lileep
93%
G2 202 Grass Lilligant
93%
G3 018 Fire Magby
93%
G3 019 Fire Magmar
93%
G3 020 Fire Magmortar
93%
G2 105 Electric-Steel Magnemite
93%
G2 106 Electric-Steel Magneton
93%
G2 107 Electric-Steel Magnezone
93%
G1 077 Ice-Ground Mamoswine
93%
G1 182 Normal Meowth
93%
G1 182 Dark Meowth Alola
93%
G1 182 Steel Meowth Galar
93%
G1 014 Bug Metapod
93%
G1 029 Dark Nickit
93%
G1 176 Flying-Dragon Noibat
93%
G1 177 Flying-Dragon Noivern
93%
G1 055 Grass-Poison Oddish
93%
G1 012 Bug-Psychic Orbeetle
93%
G1 183 Steel Perrserker
93%
G1 184 Normal Persian
93%
G1 184 Dark Persian Alola
93%
G2 201 Grass Petilil
93%
G1 193 Electric Pichu
93%
G1 026 Normal-Flying Pidove
93%
G1 194 Electric Pikachu
93%
G1 076 Ice-Ground Piloswine
93%
G2 145 Water Politoed
93%
G2 142 Water Poliwag
93%
G2 143 Water Poliwhirl
93%
G2 144 Water-Fighting Poliwrath
93%
G1 101 Water-Ground Quagsire
93%
G1 005 Fire Raboot
93%
G1 195 Electric Raichu
93%
G1 195 Electric-Psychic Raichu Alola
93%
G1 265 Ground-Rock Rhydon
93%
G1 264 Ground-Rock Rhyhorn
93%
G1 266 Ground-Rock Rhyperior
93%
G1 161 Rock Rolycoly
93%
G1 021 Flying Rookidee
93%
G1 004 Fire Scorbunny
93%
G2 199 Water Seadra
93%
G1 147 Water Seaking
93%
G2 112 Water-Dark Sharpedo
93%
G1 150 Water Shellder
93%
G1 159 Bug-Fire Sizzlipede
93%
G1 024 Normal Skwovet
93%
G1 079 Ice Snorunt
93%
G1 096 Grass-Ice Snover
93%
G1 007 Water Sobble
93%
G1 075 Ice-Ground Swinub
93%
G1 204 Fairy Sylveon
93%
G2 024 Fire-Flying Talonflame
93%
G2 040 Water-Poison Tentacool
93%
G2 041 Water-Poison Tentacruel
93%
G1 030 Dark Thievul
93%
G1 002 Grass Thwackey
93%
G1 027 Normal-Flying Tranquill
93%
G1 107 Fighting Tyrogue
93%
G1 201 Dark Umbreon
93%
G1 028 Normal-Flying Unfezant
93%
G1 197 Water Vaporeon
93%
G1 018 Bug-Electric Vikavolt
93%
G1 057 Grass-Poison Vileplume
93%
G2 013 Normal-Fairy Wigglytuff
93%
G1 100 Water-Ground Wooper
93%
G3 036 Dragon-Flying Altaria
89%
G3 185 Rock-Bug Anorith
89%
G1 207 Grass-Dragon Appletun
89%
G1 205 Grass-Dragon Applin
89%
G1 071 Fire Arcanine
89%
G1 377 Water-Ice Arctovish
89%
G1 375 Electric-Ice Arctozolt
89%
G3 186 Rock-Bug Armaldo
89%
G1 180 Water Arrokuda
89%
G2 141 Water-Fairy Azumarill
89%
G2 139 Normal-Fairy Azurill
89%
G1 181 Water Barraskewda
89%
G1 095 Normal-Fighting Bewear
89%
G1 047 Electric Boltund
89%
G1 380 Fire-Flying Charizard
89%
G1 378 Fire Charmander
89%
G1 379 Fire Charmeleon
89%
G1 262 Grass-Fairy Cottonee
89%
G1 187 Bug-Fairy Cutiefly
89%
G2 103 Electric-Fairy Dedenne
89%
G1 376 Water-Dragon Dracovish
89%
G1 374 Electric-Dragon Dracozolt
89%
G3 195 Dragon Dragonair
89%
G3 196 Dragon-Flying Dragonite
89%
G1 286 Poison-Dark Drapion
89%
G3 194 Dragon Dratini
89%
G1 125 Ghost-Flying Drifblim
89%
G1 124 Ghost-Flying Drifloon
89%
G1 136 Ghost Dusclops
89%
G1 137 Ghost Dusknoir
89%
G1 135 Ghost Duskull
89%
G2 102 Electric-Flying Emolga
89%
G2 150 Normal Exploud
89%
G1 206 Grass-Dragon Flapple
89%
G1 323 Ground-Dragon Flygon
89%
G1 305 Water-Ghost Frillish
89%
G1 350 Ice-Bug Frosmoth
89%
G3 117 Dragon-Ground Gabite
89%
G1 123 Psychic-Fighting Gallade
89%
G1 065 Bug-Electric Galvantula
89%
G3 118 Dragon-Ground Garchomp
89%
G1 122 Psychic-Fairy Gardevoir
89%
G3 116 Dragon-Ground Gible
89%
G1 088 Ground-Ghost Golett
89%
G1 089 Ground-Ghost Golurk
89%
G1 240 Dark-Fairy Grimmsnarl
89%
G1 070 Fire Growlithe
89%
G1 241 Psychic Hatenna
89%
G1 243 Psychic-Fairy Hatterene
89%
G1 242 Psychic Hattrem
89%
G1 142 Ghost-Poison Haunter
89%
G1 320 Fightig-Flying Hawlucha
89%
G2 121 Bug-Fighting Heracross
89%
G1 238 Dark-Fairy Impidimp
89%
G1 306 Water-Ghost Jellicent
89%
G1 064 Bug-Electric Joltik
89%
G3 014 Ice-Psychic Jynx
89%
G3 125 Rock-Water Kabuto
89%
G3 126 Rock-Water Kabutops
89%
G2 200 Water-Dragon Kingdra
89%
G1 121 Psychic-Fairy Kirlia
89%
G2 028 Steel-Fairy Klefki
89%
G1 250 Poison Koffing
89%
G2 177 Ground-Dark Krokorok
89%
G2 178 Ground-Dark Krookodile
89%
G2 186 Bug-Fire Larvesta
89%
G1 032 Dark-Normal Linoone
89%
G1 037 Water-Grass Lombre
89%
G1 036 Water-Grass Lotad
89%
G2 149 Normal Loudred
89%
G1 038 Water-Grass Ludicolo
89%
G1 362 Rock-Psychic Lunatone
89%
G1 140 Fighting Machamp
89%
G1 139 Fighting Machoke
89%
G1 138 Fighting Machop
89%
G1 284 Dark-Flying Mandibuzz
89%
G2 140 Water-Fairy Marill
89%
G1 364 Psychic-Fairy Mime Jr.
89%
G1 239 Dark-Fairy Morgrem
89%
G1 344 Electric-Dark Morpeko
89%
G1 365 Ice-Psychic Mr. Mime
89%
G1 366 Ice-Psychic Mr. Rime
89%
G1 092 Psychic-Flying Natu
89%
G1 033 Dark-Normal Obstagoon
89%
G3 123 Rock-Water Omanyte
89%
G3 124 Rock-Water Omastar
89%
G1 178 Rock-Ground Onix
89%
G1 133 Water-Ground Palpitoad
89%
G1 338 Ghost-Grass Phantump
89%
G1 120 Psychic-Fairy Ralts
89%
G1 188 Bug-Fairy Ribombee
89%
G1 372 Electric-Ghost Rotom
89%
G1 294 Dark-Ghost Sableye
89%
G2 176 Ground-Dark Sandile
89%
G2 076 Bug-Poison Scolipede
89%
G1 134 Water-Ground Seismitoad
89%
G1 285 Poison-Bug Skorupi
89%
G3 013 Ice-Psychic Smoochum
89%
G1 349 Ice-Bug Snom
89%
G1 363 Rock-Psychic Solrock
89%
G2 099 Water-Psychic Starmie
89%
G2 098 Water Staryu
89%
G1 179 Steel-Ground Steelix
89%
G1 094 Normal-Fighting Stufful
89%
G3 035 Normal-Flying Swablu
89%
G1 175 Psychic-Flying Swoobat
89%
G1 348 Electric-Steel Togedemaru
89%
G1 321 Ground Trapinch
89%
G1 339 Ghost-Grass Trevenant
89%
G1 132 Water Tympole
89%
G2 074 Bug-Poison Venipede
89%
G2 187 Bug-Fire Volcarona
89%
G1 283 Dark-Flying Vullaby
89%
G1 251 Poison-Fairy Weezing
89%
G1 263 Grass-Fairy Whimsicott
89%
G2 075 Bug-Poison Whirlipede
89%
G2 148 Normal Whismur
89%
G1 174 Psychic-Flying Woobat
89%
G1 093 Psychic-Flying Xatu
89%
G1 046 Electric Yamper
89%
G1 031 Dark-Normal Zigzagoon
89%
G3 127 Rock-Flying Aerodactyl
86%
G3 193 Steel-Rock Aggron
86%
G3 085 Rock-Ice Amaura
86%
G3 149 Rock-Flying Archen
86%
G3 191 Steel-Rock Aron
86%
G3 086 Rock-Ice Aurorus
86%
G3 113 Dragon Bagon
86%
G1 280 Ice Beartic
86%
G1 282 Normal-Flying Braviary
86%
G1 119 Steel-Psychic Bronzong
86%
G1 118 Steel-Psychic Bronzor
86%
G1 059 Grass-Poison Budew
86%
G2 111 Water-Dark Carvanha
86%
G1 289 Ghost-Fire Chandelure
86%
G1 220 Water-Electric Chinchou
86%
G2 196 Water Clauncher
86%
G2 197 Water Clawitzer
86%
G1 236 Ghost Corsola
86%
G1 309 Flying-Water Cramorant
86%
G1 222 Poison-Fighting Croagunk
86%
G1 279 Ice Cubchoo
86%
G2 170 Ground Cubone
86%
G1 237 Ghost Cursola
86%
G1 368 Ice Darmanitan
86%
G1 367 Ice Darumaka
86%
G1 386 Dark-Dragon Deino
86%
G1 360 Ghost-Grass Dhelmise
86%
G2 195 Poison-Dragon Dragalge
86%
G1 371 Steel-Dragon Duraludon
86%
G1 316 Bug-Steel Durant
86%
G1 370 Ice Eiscue
86%
G1 127 Grass Eldegoss
86%
G1 218 Fighting Farfetch'd
86%
G1 152 Water Feebas
86%
G1 189 Grass-Steel Ferroseed
86%
G1 190 Grass-Steel Ferrothorn
86%
G1 126 Grass Gossifleur
86%
G1 192 Ghost-Grass Gourgeist
86%
G1 145 Water-Flying Gyarados
86%
G1 019 Normal-Flying Hoothoot
86%
G1 388 Dark-Dragon Hydreigon
86%
G1 337 Normal-Psychic Indeedee
86%
G1 114 Steel Klang
86%
G1 113 Steel Klink
86%
G1 115 Steel Klinklang
86%
G3 192 Steel-Rock Lairon
86%
G1 288 Ghost-Fire Lampent
86%
G1 221 Water-Electric Lanturn
86%
G1 361 Water-Ice Lapras
86%
G1 287 Ghost-Fire Litwick
86%
G1 144 Water Magikarp
86%
G2 171 Ground Marowak
86%
G2 171 Fire-Ghost Marowak Alola
86%
G1 295 Steel-Fairy Mawile
86%
G1 153 Water Milotic
86%
G2 117 Normal Miltank
86%
G1 260 Normal Munchlax
86%
G1 104 Bug-Ground Nincada
86%
G1 105 Bug-Flying Ninjask
86%
G1 020 Normal-Flying Noctowl
86%
G1 040 Grass-Dark Nuzleaf
86%
G2 134 Ground-Ghost Palossand
86%
G1 111 Fighting Pancham
86%
G1 112 Fighting-Dark Pangoro
86%
G1 063 Water-Flying Pelipper
86%
G2 120 Bug Pinsir
86%
G1 191 Ghost-Grass Pumpkaboo
86%
G1 384 Rock-Ground Pupitar
86%
G1 168 Rock Roggenrola
86%
G1 060 Grass-Poison Roselia
86%
G1 061 Grass-Poison Roserade
86%
G1 281 Normal-Flying Rufflet
86%
G1 328 Ground-Ghost Runerigus
86%
G3 115 Dragon-Flying Salamence
86%
G1 244 Poison-Fire Salandit
86%
G1 245 Poison-Fire Salazzle
86%
G2 168 Ground Sandshrew
86%
G2 168 Ice-Steel Sandshrew Alola
86%
G2 169 Ground Sandslash
86%
G2 169 Ice-Steel Sandslash Alola
86%
G2 133 Ground-Ghost Sandygast
86%
G2 119 Bug-Steel Scizor
86%
G2 118 Bug-Flying Scyther
86%
G3 160 Ice-Water Sealeo
86%
G1 039 Grass Seedot
86%
G1 106 Bug-Ghost Shedinja
86%
G3 114 Dragon Shelgon
86%
G1 041 Grass-Dark Shiftry
86%
G1 227 Bug-Rock Shuckle
86%
G1 297 Psychic-Flying Sigilyph
86%
G1 219 Fighting Sirfetch'd
86%
G2 153 Steel-Flying Skarmory
86%
G2 194 Poison-Water Skrelp
86%
G1 131 Poison-Dark Skuntank
86%
G2 002 Poison-Psychic Slowbro
86%
G2 003 Poison-Psychic Slowking
86%
G2 001 Psychic Slowpoke
86%
G1 261 Normal Snorlax
86%
G1 270 Psychic Solosis
86%
G3 159 Ice-Water Spheal
86%
G1 226 Ground-Steel Stunfisk
86%
G1 130 Poison-Dark Stunky
86%
G1 259 Fairy-Flying Togekiss
86%
G1 257 Fairy Togepi
86%
G1 258 Fairy-Flying Togetic
86%
G1 223 Poison-Fighting Toxicroak
86%
G3 084 Rock-Dragon Tyrantrum
86%
G3 083 Rock-Dragon Tyrunt
86%
G1 322 Ground-Dragon Vibrava
86%
G3 161 Ice-Water Walrein
86%
G1 062 Water-Flying Wingull
86%
G1 327 Ground-Ghost Yamask
86%
G1 398 Fairy-Steel Zacian
86%
G1 399 Fairy-Fighting Zamazenta
86%
G2 088 Dark Zoroark
86%
G2 087 Dark Zorua
86%
G1 387 Dark-Dragon Zweilous
86%
G2 031 Psychic Abra
82%
G2 033 Psychic Alakazam
82%
G2 078 Grass-Poison Amoonguss
82%
G1 215 Water-Bug Araquanid
82%
G3 150 Rock-Flying Archeops
82%
G1 213 Fairy Aromatisse
82%
G3 202 Psychic-Flying Articuno
82%
G1 324 Dragon Axew
82%
G1 228 Water-Ground Barboach
82%
G3 129 Steel-Psychic Beldum
82%
G2 008 Normal Blissey
82%
G1 169 Rock Boldore
82%
G2 004 Normal Buneary
82%
G3 210 Psychic-Grass Calyrex
82%
G3 148 Water-Rock Carracosta
82%
G2 007 Normal Chansey
82%
G1 351 Fighting Clobbopus
82%
G1 329 Ghost Cofagrigus
82%
G1 116 Bug-Flying Combee
82%
G1 173 Fighting Conkeldurr
82%
G1 303 Steel Copperajah
82%
G1 087 Bug-Rock Crustle
82%
G1 302 Steel Cufant
82%
G1 214 Water-Bug Dewpider
82%
G1 164 Ground Diglett
82%
G1 164 Ground-Steel Diglett Alola
82%
G1 397 Dragon-Ghost Dragapult
82%
G1 396 Dragon-Ghost Drakloak
82%
G1 395 Dragon-Ghost Dreepy
82%
G1 166 Ground Drilbur
82%
G2 063 Dragon Druddigon
82%
G1 035 Normal Dubwool
82%
G1 165 Ground Dugtrio
82%
G1 165 Ground-Steel Dugtrio Alola
82%
G1 271 Psychic Duosion
82%
G1 086 Bug-Rock Dwebble
82%
G1 167 Ground-Steel Excadrill
82%
G2 205 Grass-Psychic Exeggcute
82%
G2 206 Grass-Psychic Exeggutor
82%
G2 206 Grass-Dragon Exeggutor Alola
82%
G2 077 Grass-Poison Foongus
82%
G1 325 Dragon Fraxure
82%
G1 170 Rock Gigalith
82%
G3 208 Ice Glastrier
82%
G1 391 Dragon Goodra
82%
G1 389 Dragon Goomy
82%
G1 267 Psychic Gothita
82%
G1 269 Psychic Gothitelle
82%
G1 268 Psychic Gothorita
82%
G1 172 Fighting Gurdurr
82%
G2 006 Normal Happiny
82%
G1 326 Dragon Haxorus
82%
G1 330 Steel-Ghost Honedge
82%
G2 032 Psychic Kadabra
82%
G2 100 Fighting Kubfu
82%
G1 383 Rock-Ground Larvitar
82%
G1 045 Dark Liepard
82%
G2 005 Normal Lopunny
82%
G1 299 Fighting-Steel Lucario
82%
G2 026 Electric Luxio
82%
G2 027 Electric Luxray
82%
G1 296 Grass Maractus
82%
G1 307 Poison-Water Mareanie
82%
G3 131 Steel-Psychic Metagross
82%
G3 130 Steel-Psychic Metang
82%
G3 204 Dark-Flying Moltres
82%
G3 070 Poison-Ground Nidoking
82%
G3 067 Poison-Ground Nidoqueen
82%
G3 066 Poison Nidorina
82%
G3 069 Poison Nidorino
82%
G1 333 Psychic Ponyta
82%
G1 044 Dark Purrloin
82%
G1 334 Psychic-Fairy Rapidash
82%
G3 201 Dragon Regidrago
82%
G3 200 Electric Regieleki
82%
G1 272 Psychic Reuniclus
82%
G1 298 Fighting Riolu
82%
G1 313 Ground Sandaconda
82%
G2 025 Electric Shinx
82%
G1 312 Ground Silicobra
82%
G1 390 Dragon Sliggoo
82%
G1 292 Dark-Ice Sneasel
82%
G3 209 Ghost Spectrier
82%
G3 047 Ghost-Dark Spiritomb
82%
G1 212 Fairy Spritzee
82%
G1 369 Rock Stonjourner
82%
G1 210 Fairy Swirlix
82%
G2 080 Grass Tangela
82%
G2 081 Grass Tangrowth
82%
G1 171 Fighting Timburr
82%
G3 147 Water-Rock Tirtouga
82%
G1 308 Poison-Water Toxapex
82%
G1 310 Electric-Poison Toxel
82%
G1 311 Electric-Poison Toxtricity
82%
G1 347 Fire-Dragon Turtonator
82%
G1 385 Rock-Dark Tyranitar
82%
G2 101 Fighting-Dark | Fighting-Water Urshifu
82%
G1 073 Ice Vanillish
82%
G1 072 Ice Vanillite
82%
G1 074 Ice Vanilluxe
82%
G1 117 Bug-Flying Vespiquen
82%
G1 356 Water Wailmer
82%
G1 357 Water Wailord
82%
G1 293 Dark-Ice Weavile
82%
G1 229 Water-Ground Whiscash
82%
G1 217 Psychic Wobbuffet
82%
G1 034 Normal Wooloo
82%
G1 216 Psychic Wynaut
82%
G3 203 Fighting-Flying Zapdos
82%
G2 211 Dark-Grass Zarude
82%
G1 276 Bug Accelgor
79%
G1 332 Steel-Ghost Aegislash
79%
G1 186 Fairy Alcremie
79%
G1 235 Rock-Water Barbaracle
79%
G1 234 Rock-Water Binacle
79%
G1 252 Rock Bonsly
79%
G2 053 Normal Bouffalant
79%
G1 052 Grass Bounsweet
79%
G3 128 Rock-Fairy Carbink
79%
G3 030 Ice Cryogonal
79%
G1 331 Steel-Ghost Doublade
79%
G1 346 Normal-Dragon Drampa
79%
G1 274 Bug-Steel Escavalier
79%
G1 400 Poison-Dragon Eternatus
79%
G1 345 Fighting Falinks
79%
G1 231 Water-Ground Gastrodon
79%
G1 352 Fighting Grapploct
79%
G1 393 Dragon-Fighting Hakamo-o
79%
G1 317 Fire Heatmor
79%
G2 114 Normal Herdier
79%
G1 290 Dark-Psychic Inkay
79%
G1 392 Dragon Jangmo-o
79%
G1 273 Bug Karrablast
79%
G1 099 Water Kingler
79%
G1 394 Dragon-Fighting Kommo-o
79%
G1 098 Water Krabby
79%
G2 113 Normal Lillipup
79%
G1 291 Dark-Psychic Malamar
79%
G2 163 Fighting Mienfoo
79%
G2 164 Fighting Mienshao
79%
G1 185 Fairy Milcery
79%
G1 301 Ghost-Fairy Mimikyu
79%
G1 340 Grass-Fairy Morelull
79%
G1 353 Electric Pincurchin
79%
G1 336 Ghost Polteageist
79%
G3 187 Water-Rock Relicanth
79%
G1 249 Fighting Sawk
79%
G1 225 Dark-Fighting Scrafty
79%
G1 224 Dark-Fighting Scraggy
79%
G1 230 Water Shellos
79%
G1 275 Bug Shelmet
79%
G1 341 Grass-Fairy Shiinotic
79%
G1 335 Ghost Sinistea
79%
G1 211 Fairy Slurpuff
79%
G1 053 Grass Steenee
79%
G1 253 Rock Sudowoodo
79%
G2 116 Normal Tauros
79%
G1 248 Fighting Throh
79%
G1 054 Grass Tsareena
79%
G3 107 Dark Absol
75%
G1 278 Psychic Beheeyem
75%
G1 247 Dark-Steel Bisharp
75%
G1 373 Normal Ditto
75%
G1 277 Psychic Elgyem
75%
G1 208 Psychic Espurr
75%
G2 017 Grass Fomantis
75%
G2 147 Water Golduck
75%
G1 233 Bug-Water Golisopod
75%
G1 319 Electric-Normal Heliolisk
75%
G1 318 Electric-Normal Helioptile
75%
G2 055 Normal Lickilicky
75%
G2 054 Normal Lickitung
75%
G2 018 Grass Lurantis
75%
G2 158 Rock Lycanroc
75%
G1 355 Water-Flying Mantine
75%
G1 354 Water-Flying Mantyke
75%
G1 209 Psychic Meowstic
75%
G1 084 Ground Mudbray
75%
G1 085 Ground Mudsdale
75%
G1 246 Dark-Steel Pawniard
75%
G2 146 Water Psyduck
75%
G1 156 Water Pyukumuku
75%
G2 157 Rock Rockruff
75%
G2 115 Normal Stoutland
75%
G1 300 Fire Torkoal
75%
G1 232 Bug-Water Wimpod
75%
G1 359 Ice Avalugg
71%
G1 154 Water Basculin
71%
G1 358 Ice Bergmite
71%
G1 066 Electric Electrike
71%
G1 158 Poison Garbodor
71%
G2 172 Normal Kangaskhan
71%
G1 067 Electric Manectric
71%
G1 149 Water Octillery
71%
G1 342 Normal-Psychic Oranguru
71%
G1 343 Fighting Passimian
71%
G2 208 Normal Porygon
71%
G2 209 Normal Porygon2
71%
G2 210 Normal Porygon-Z
71%
G1 148 Water Remoraid
71%
G1 157 Poison Trubbish
71%
G1 129 Grass Cherrim
68%
G1 128 Grass Cherubi
68%
G1 051 Normal Cinccino
68%
G1 314 Ground Hippopotas
68%
G1 315 Ground Hippowdon
68%
G1 050 Normal Minccino
68%
G1 304 Water-Poison Qwilfish
68%
G1 155 Water Wishiwashi
64%
G3 021 Normal Audino
61%
G2 052 Normal Dunsparce
61%
G1 090 Psychic Munna
61%
G1 091 Psychic Musharna
61%
G2 079 Fairy Comfey
57%
G1 382 Normal Silvally
46%
G1 381 Normal Type: Null
46%
G3 065 Poison Nidoran♀
29%
G3 068 Poison Nidoran♂
29%
No matching quizzes found
Score Distribution
Percent of People with Each Score
Percentile by Number Answered
Your Score History
You have not taken this quiz